[Event "SVK-chT2D 2223"]
[Site "Slovakia"]
[Date "2022.11.13"]
[Round "4.6"]
[White "Marcinko, Karol"]
[Black "Cenker, Milan"]
[Result "0-1"]
[WhiteElo "1332"]
[BlackElo "1882"]
[PlyCount "40"]
[EventDate "2022.10.08"]
[EventType "team-tourn"]
[EventRounds "11"]
[EventCountry "SVK"]
[SourceTitle "EXT 2024"]
[Source "ChessBase"]
[SourceDate "2023.10.10"]
[SourceVersion "1"]
[SourceVersionDate "2023.10.10"]
[SourceQuality "1"]
[WhiteTeam "Sabinov"]
[BlackTeam "Kosice 1 CC"]
[WhiteTeamCountry "SVK"]
[BlackTeamCountry "SVK"]

1. e4 e6 2. d4 d5 3. e5 c5 4. Nf3 Nc6 5. c3 Qb6 6. Qb3 cxd4 7. Qxb6 axb6 8. cxd4 Nb4 9. Bb5+ Bd7 10. Bxd7+ Kxd7 11. Na3 Nd3+ 12. Ke2 Nxc1+ 13. Rhxc1 Bxa3 14. bxa3 Rxa3 15. Rc2 Ne7 16. Ng5 Nc6 17. Rd1 f6 18. exf6 gxf6 19. Nf7 Rg8 20. g3 Ke7 0-1

[Event "SVK-chT2D 2122"]
[Site "Slovakia"]
[Date "2021.11.14"]
[Round "4.5"]
[White "Cenker, Milan"]
[Black "Veselovsky, Jan"]
[Result "1/2-1/2"]
[WhiteElo "1931"]
[BlackElo "2082"]
[PlyCount "25"]
[EventDate "2021.10.16"]
[EventType "team-tourn"]
[EventRounds "11"]
[EventCountry "SVK"]
[SourceTitle "EXT 2023"]
[Source "ChessBase"]
[SourceDate "2022.10.05"]
[SourceVersion "1"]
[SourceVersionDate "2022.10.05"]
[SourceQuality "1"]
[WhiteTeam "Kosice 1 CC"]
[BlackTeam "Stropkov/Svidnik"]
[WhiteTeamCountry "SVK"]
[BlackTeamCountry "SVK"]

1. d4 d5 2. c4 c6 3. Nf3 Nf6 4. Nc3 e6 5. cxd5 exd5 6. Bg5 Be7 7. e3 0-0 8. Bd3 Nbd7 9. 0-0 Re8 10. Qc2 Nf8 11. a3 Be6 12. b4 Rc8 13. Rfc1 1/2-1/2

[Event "SVK-chT2D 2122"]
[Site "Slovakia"]
[Date "2021.10.17"]
[Round "2.6"]
[White "Cenker, Milan"]
[Black "Belus, Benjamin"]
[Result "1-0"]
[WhiteElo "1939"]
[BlackElo "1914"]
[PlyCount "85"]
[EventDate "2021.10.16"]
[EventType "team-tourn"]
[EventRounds "11"]
[EventCountry "SVK"]
[SourceTitle "EXT 2023"]
[Source "ChessBase"]
[SourceDate "2022.10.05"]
[SourceVersion "1"]
[SourceVersionDate "2022.10.05"]
[SourceQuality "1"]
[WhiteTeam "Kosice 1 CC"]
[BlackTeam "Kezmarok"]
[WhiteTeamCountry "SVK"]
[BlackTeamCountry "SVK"]

1. d4 d5 2. c4 e6 3. Nc3 Nf6 4. Bg5 Be7 5. e3 0-0 6. Qc2 Nbd7 7. cxd5 exd5 8. Bd3 h6 9. Bh4 b6 10. Nge2 c5 11. Bg3 Bb7 12. 0-0 Rc8 13. Rac1 Re8 14. Rfd1 Nf8 15. Bb5 N8d7 16. Bd3 a6 17. dxc5 bxc5 18. Bf5 Ra8 19. Nf4 Nb6 20. Na4 Nxa4 21. Qxa4 Qb6 22. Rc3 Bc6 23. Qc2 c4 24. a3 Qa5 25. Qd2 Ba4 26. Bc2 Ne4 27. Bxe4 Bxd1 28. Nxd5 Rad8 29. Qxd1 Bf8 30. Bf3 Qc5 31. e4 Rc8 32. Qc1 Kh8 33. h3 g5 34. Ne3 Qb5 35. Rxc4 Rcd8 36. Nf5 f6 37. Qc3 Re6 38. Rc7 Rb8 39. b4 a5 40. Nd4 axb4 41. axb4 Qe8 42. Nxe6 Qxe6 43. Rc6 1-0

[Event "SVK-chT2D 1920"]
[Site "Slovakia"]
[Date "2020.02.16"]
[Round "9.3"]
[White "Cenker, Milan"]
[Black "Nemergut, Matej"]
[Result "0-1"]
[WhiteElo "1943"]
[BlackElo "2091"]
[PlyCount "44"]
[EventDate "2019.10.26"]
[EventType "team-tourn"]
[EventRounds "11"]
[EventCountry "SVK"]
[SourceTitle "CBM 195 Extra"]
[Source "ChessBase"]
[SourceDate "2020.05.31"]
[SourceVersion "1"]
[SourceVersionDate "2020.05.31"]
[SourceQuality "1"]
[WhiteTeam "Presov Slavia PU"]
[BlackTeam "Kezmarok"]
[WhiteTeamCountry "SVK"]
[BlackTeamCountry "SVK"]

1. d4 Nf6 2. c4 c5 3. d5 e6 4. Nc3 exd5 5. cxd5 d6 6. e4 g6 7. Nf3 Bg7 8. Be2 0-0 9. 0-0 a6 10. a4 Re8 11. Qc2 Qc7 12. Nd2 Nbd7 13. f4 Rb8 14. g4 Nb6 15. a5 Na8 16. h3 b5 17. axb6 Nxb6 18. g5 Nfxd5 19. exd5 Bxc3 20. Qxc3 Rxe2 21. b4 Nxd5 22. Qd3 Qe7 0-1

[Event "SVK-chT1E 1920"]
[Site "Slovakia"]
[Date "2019.11.09"]
[Round "3.6"]
[White "Adamcik, Robert"]
[Black "Cenker, Milan"]
[Result "0-1"]
[WhiteElo "2035"]
[BlackElo "1981"]
[PlyCount "130"]
[EventDate "2019.10.12"]
[EventType "team-tourn"]
[EventRounds "11"]
[EventCountry "SVK"]
[SourceTitle "CBM 193 Extra"]
[Source "ChessBase"]
[SourceDate "2020.01.31"]
[SourceVersion "1"]
[SourceVersionDate "2020.01.31"]
[SourceQuality "1"]
[WhiteTeam "Cadca"]
[BlackTeam "Kosice 1 CC"]
[WhiteTeamCountry "SVK"]
[BlackTeamCountry "SVK"]

1. d4 Nf6 2. Nf3 g6 3. c4 c5 4. Nc3 Bg7 5. d5 0-0 6. e4 d6 7. h3 b5 8. cxb5 a6 9. b6 Qxb6 10. Qc2 e6 11. Bc4 exd5 12. Nxd5 Nxd5 13. Bxd5 Bb7 14. Bxb7 Qxb7 15. 0-0 Nc6 16. Rb1 Rfe8 17. Re1 Nb4 18. Qc4 Qb5 19. Qxb5 axb5 20. Rd1 Rxe4 21. a3 Nc2 22. Rxd6 Nd4 23. Be3 Nf5 24. Rb6 Nxe3 25. fxe3 b4 26. axb4 Rxb4 27. Rc6 Bh6 28. Re1 Rxb2 29. Rxc5 Raa2 30. Nh4 Re2 31. Rxe2 Rxe2 32. Kf1 Rxe3 33. Kf2 Re4 34. Rc8+ Kg7 35. Nf3 Be3+ 36. Kg3 h5 37. h4 Rg4+ 38. Kh2 Bf4+ 39. Kg1 Bg3 40. Ra8 Bxh4 41. Ra7 Bg3 42. Ra1 g5 43. Rb1 Kg6 44. Ra1 Re4 45. Nd2 Re1+ 46. Rxe1 Bxe1 47. Nc4 Bc3 48. Kf2 h4 49. Ke3 f5 50. Kd3 Bf6 51. Ke3 g4 52. Nd6 Be5 53. Nc4 f4+ 54. Ke4 Bc7 55. Nd2 Kg5 56. Nf1 f3 57. gxf3 g3 58. f4+ Bxf4 59. Kf3 Kf5 60. Kg2 Ke4 61. Nh2 Ke3 62. Ng4+ Ke2 63. Nh2 h3+ 64. Kxh3 Kf2 65. Ng4+ Kf3 0-1

[Event "SVK-chT2D 1718"]
[Site "Slovakia"]
[Date "2018.03.18"]
[Round "11.4"]
[White "Cenker, Milan"]
[Black "Svana, Kamil"]
[Result "1/2-1/2"]
[WhiteElo "2007"]
[BlackElo "2024"]
[PlyCount "36"]
[EventDate "2017.10.28"]
[EventType "team-tourn"]
[EventRounds "11"]
[EventCountry "SVK"]
[SourceTitle "EXT 2020"]
[Source "ChessBase"]
[SourceDate "2019.10.17"]
[SourceVersion "1"]
[SourceVersionDate "2019.10.17"]
[SourceQuality "1"]
[WhiteTeam "Kosice 1 CC"]
[BlackTeam "Spisska Nova Ves"]
[WhiteTeamCountry "SVK"]
[BlackTeamCountry "SVK"]

1. d4 Nf6 2. c4 g6 3. Nc3 Bg7 4. e4 d6 5. f3 0-0 6. Be3 Nbd7 7. Nge2 c5 8. Qd2 cxd4 9. Nxd4 Ne5 10. Be2 Bd7 11. g4 Rc8 12. b3 a6 13. a4 h5 14. h3 Nc6 15. Kf2 h4 16. Rac1 Re8 17. Nxc6 Bxc6 18. Kg2 Nh7 1/2-1/2

[Event "SVK-chT2D 1718"]
[Site "Slovakia"]
[Date "2018.02.04"]
[Round "7.5"]
[White "Milder, Ladislav"]
[Black "Cenker, Milan"]
[Result "1/2-1/2"]
[WhiteElo "2065"]
[BlackElo "2015"]
[PlyCount "21"]
[EventDate "2017.10.28"]
[EventType "team-tourn"]
[EventRounds "11"]
[EventCountry "SVK"]
[SourceTitle "EXT 2019"]
[Source "ChessBase"]
[SourceDate "2018.10.10"]
[SourceVersion "1"]
[SourceVersionDate "2018.10.10"]
[SourceQuality "1"]
[WhiteTeam "Kosice Slavia UPJS III"]
[BlackTeam "Kosice 1 CC"]
[WhiteTeamCountry "SVK"]
[BlackTeamCountry "SVK"]

1. e4 e6 2. d3 d5 3. Nd2 c5 4. Ngf3 Nc6 5. g3 Nf6 6. c3 Be7 7. Bg2 0-0 8. 0-0 b5 9. Re1 a5 10. Qc2 Bb7 11. Nf1 1/2-1/2

[Event "SVK-chT2D 1617"]
[Site "Slovakia"]
[Date "2017.03.12"]
[Round "11.5"]
[White "Furman, Slavomir"]
[Black "Cenker, Milan"]
[Result "0-1"]
[WhiteElo "1780"]
[BlackElo "1985"]
[PlyCount "90"]
[EventDate "2016.10.08"]
[EventType "team-tourn"]
[EventRounds "11"]
[EventCountry "SVK"]
[SourceTitle "EXT 2019"]
[Source "ChessBase"]
[SourceDate "2018.10.10"]
[SourceVersion "1"]
[SourceVersionDate "2018.10.10"]
[SourceQuality "1"]
[WhiteTeam "Bardejov II"]
[BlackTeam "Kosice 1 CC"]
[WhiteTeamCountry "SVK"]
[BlackTeamCountry "SVK"]

1. d4 Nf6 2. c4 c5 3. d5 b5 4. Qc2 g6 5. e4 d6 6. f4 Bg7 7. Nf3 Nfd7 8. cxb5 a6 9. Nc3 axb5 10. Bxb5 Ba6 11. a4 0-0 12. Rb1 Bxb5 13. axb5 Nb6 14. 0-0 e6 15. Rd1 exd5 16. Nxd5 Nxd5 17. Rxd5 Qb6 18. Be3 Ra5 19. e5 dxe5 20. Nxe5 Rxb5 21. Rxc5 Rxc5 22. Qxc5 Qb3 23. Qc3 Qe6 24. Bd4 Rc8 25. Qe3 Nc6 26. Nxc6 Rxc6 27. Qxe6 Bxd4+ 28. Kf1 Rxe6 29. b4 Bc3 30. Rb3 Bd2 31. g3 Rb6 32. b5 Kf8 33. Kf2 Ke7 34. Kf3 f5 35. h3 Ba5 36. g4 Kd7 37. h4 fxg4+ 38. Kxg4 Rf6 39. Ra3 Bc7 40. Ra4 Rf5 41. Rb4 Bd6 42. Ra4 h5+ 43. Kf3 Rxb5 44. Re4 Rb4 45. f5 gxf5 0-1

[Event "SVK-chT2D 1617"]
[Site "Slovakia"]
[Date "2017.03.11"]
[Round "10.5"]
[White "Cenker, Milan"]
[Black "Moravek, Imrich"]
[Result "1-0"]
[WhiteElo "1985"]
[BlackElo "1753"]
[PlyCount "93"]
[EventDate "2016.10.08"]
[EventType "team-tourn"]
[EventRounds "11"]
[EventCountry "SVK"]
[SourceTitle "EXT 2019"]
[Source "ChessBase"]
[SourceDate "2018.10.10"]
[SourceVersion "1"]
[SourceVersionDate "2018.10.10"]
[SourceQuality "1"]
[WhiteTeam "Kosice 1 CC"]
[BlackTeam "Margecany II"]
[WhiteTeamCountry "SVK"]
[BlackTeamCountry "SVK"]

1. d4 Nf6 2. c4 e5 3. dxe5 Ng4 4. Bf4 Nc6 5. Nf3 Bb4+ 6. Nbd2 Qe7 7. a3 Ngxe5 8. Nxe5 Nxe5 9. e3 Bxd2+ 10. Qxd2 d6 11. Be2 Be6 12. Qc3 Qf6 13. c5 0-0 14. 0-0 Rfe8 15. cxd6 cxd6 16. Rac1 Qg6 17. Qd4 Nc6 18. Qxd6 Rad8 19. Qc5 Rd2 20. Bh5 Qf6 21. Bf3 Qxb2 22. Rb1 Qc2 23. Qxc2 Rxc2 24. Rxb7 Rc8 25. h3 h6 26. Rfb1 Nd8 27. Rxa7 Ba2 28. Rd1 Ne6 29. Bg3 Ng5 30. Bg4 Be6 31. Bxe6 Nxe6 32. Rdd7 Rc1+ 33. Kh2 Ra1 34. Be5 Ra2 35. Rxf7 Rc5 36. Bxg7 h5 37. Bh6 Rxa3 38. Rf8+ Nxf8 39. Rxa3 Ne6 40. Ra7 Rc7 41. Rxc7 Nxc7 42. e4 Kf7 43. Be3 Kg6 44. f4 Ne8 45. f5+ Kf6 46. Bf4 Ng7 47. Kg3 1-0

[Event "SVK-chT2D 1617"]
[Site "Slovakia"]
[Date "2017.02.12"]
[Round "9.4"]
[White "Hotak, Marian"]
[Black "Cenker, Milan"]
[Result "1/2-1/2"]
[WhiteElo "2049"]
[BlackElo "1985"]
[PlyCount "80"]
[EventDate "2016.10.08"]
[EventType "team-tourn"]
[EventRounds "11"]
[EventCountry "SVK"]
[SourceTitle "EXT 2018"]
[Source "ChessBase"]
[SourceDate "2017.10.13"]
[SourceVersion "1"]
[SourceVersionDate "2017.10.13"]
[SourceQuality "1"]
[WhiteTeam "Spisska Nova Ves"]
[BlackTeam "Kosice 1 CC"]
[WhiteTeamCountry "SVK"]
[BlackTeamCountry "SVK"]

1. g3 Nf6 2. Bg2 d5 3. Nf3 g6 4. b3 Bg7 5. Bb2 0-0 6. 0-0 c5 7. d3 d4 8. c3 Nc6 9. cxd4 cxd4 10. Nbd2 Nd5 11. Rc1 f5 12. a3 e5 13. Rc2 Be6 14. Qa1 Rc8 15. Rfc1 Rf7 16. b4 a6 17. Qb1 Rfc7 18. Nb3 b6 19. Nbd2 Na7 20. Rxc7 Rxc7 21. Rxc7 Qxc7 22. Ng5 Qd7 23. Nxe6 Qxe6 24. Qa2 Nf4 25. Qxe6+ Nxe6 26. Bd5 Kf7 27. Nc4 b5 28. Na5 Ke7 29. Bb7 Nc7 30. e3 dxe3 31. fxe3 Kd6 32. Kf2 Bh6 33. Ke2 Bg5 34. d4 e4 35. g4 Nd5 36. gxf5 gxf5 37. Bc1 Bd8 38. Nb3 Bb6 39. Nc5 a5 40. bxa5 Bxa5 1/2-1/2

[Event "SVK-chT2D 1516"]
[Site "Slovakia"]
[Date "2015.10.17"]
[Round "1.4"]
[White "Cenker, Milan"]
[Black "Mnich, Jozef"]
[Result "1/2-1/2"]
[WhiteElo "1984"]
[BlackElo "2019"]
[PlyCount "101"]
[EventDate "2015.10.17"]
[EventType "team-tourn"]
[EventRounds "11"]
[EventCountry "SVK"]
[SourceTitle "CBM 169 Extra"]
[Source "ChessBase"]
[SourceDate "2015.12.18"]
[SourceVersion "1"]
[SourceVersionDate "2015.12.18"]
[SourceQuality "1"]
[WhiteTeam "Kosice 1 CC"]
[BlackTeam "Presov Tatran"]
[WhiteTeamCountry "SVK"]
[BlackTeamCountry "SVK"]

1. d4 e6 2. c4 d5 3. Nc3 Nf6 4. Nf3 c6 5. Bg5 Bd6 6. e3 Nbd7 7. cxd5 exd5 8. Bd3 0-0 9. 0-0 Re8 10. Qc2 h6 11. Bh4 Qb6 12. Rfc1 g5 13. Bg3 Bxg3 14. hxg3 Ng4 15. Re1 Nf8 16. Rab1 Be6 17. b4 Rac8 18. Bf5 Qc7 19. Bxe6 Rxe6 20. Qf5 Nf6 21. Ne5 N8d7 22. f4 Nxe5 23. fxe5 Nd7 24. Rbc1 Qd8 25. Rf1 Re7 26. e6 fxe6 27. Qg6+ Rg7 28. Qxe6+ Kh7 29. Rf3 Qe7 30. Qf5+ Kh8 31. Nxd5 Qd6 32. Nc3 Qxb4 33. Qd3 Qd6 34. e4 c5 35. Nd5 Rf8 36. Rxf8+ Qxf8 37. dxc5 Nxc5 38. Qd4 b6 39. Nf6 Rf7 40. Nd7+ Qg7 41. Qxg7+ Kxg7 42. Nxc5 bxc5 43. Rxc5 Rb7 44. Ra5 Rf7 45. Rd5 Re7 46. Ra5 Rf7 47. Kh2 g4 48. Kg1 Kg6 49. Re5 Rc7 50. a4 Rc4 51. Ra5 1/2-1/2

[Event "SVK-chT2D 1314"]
[Site "Slovakia"]
[Date "2014.03.15"]
[Round "10.3"]
[White "Cenker, Milan"]
[Black "Jurcisin, Imrich"]
[Result "0-1"]
[WhiteElo "2034"]
[BlackElo "2022"]
[PlyCount "114"]
[EventDate "2013.10.19"]
[EventType "team-tourn"]
[EventRounds "11"]
[EventCountry "SVK"]
[SourceTitle "EXT 2015"]
[Source "ChessBase"]
[SourceDate "2014.11.20"]
[SourceVersion "1"]
[SourceVersionDate "2014.11.20"]
[SourceQuality "1"]
[WhiteTeam "Kosice Tahanovce"]
[BlackTeam "Kosice Slavia UPJS III"]
[WhiteTeamCountry "SVK"]
[BlackTeamCountry "SVK"]

1. d4 Nf6 2. c4 e5 3. dxe5 Ng4 4. Bf4 Nc6 5. Nf3 Bb4+ 6. Nbd2 Qe7 7. a3 Ngxe5 8. Nxe5 Nxe5 9. e3 Bc5 10. b4 Bd4 11. Rb1 d6 12. Qc2 Ng6 13. Bg3 h5 14. Nf3 Bf6 15. h3 Bd7 16. Bd3 Nh4 17. Nxh4 Bxh4 18. Bxh4 Qxh4 19. Be4 0-0-0 20. g3 Qg5 21. h4 Qe5 22. Kd2 Rhe8 23. Bd3 d5 24. Qc3 dxc4 25. Qxe5 Rxe5 26. Bxc4 Bf5+ 27. Kc3 Bxb1 28. Rxb1 g5 29. hxg5 Rxg5 30. Bxf7 Rf8 31. Be6+ Kd8 32. Rb2 Ke7 33. Bh3 Rd8 34. e4 Rg6 35. Rc2 Rc6+ 36. Kb2 Rxc2+ 37. Kxc2 Rf8 38. Bf5 Kf6 39. Kd3 Rd8+ 40. Ke3 Rd1 41. Kf4 Ra1 42. e5+ Kg7 43. Kg5 Rxa3 44. e6 Ra2 45. f4 Rg2 46. g4 hxg4 47. Bxg4 Rxg4+ 48. Kxg4 Kf6 49. f5 c5 50. b5 a5 51. bxa6 bxa6 52. Kf4 a5 53. Ke4 a4 54. Kd5 a3 55. Kd6 a2 56. e7 a1Q 57. e8Q Qd4+ 0-1

[Event "SVK-chT2D 1314"]
[Site "Slovakia"]
[Date "2014.02.23"]
[Round "9.3"]
[White "Cenker, Milan"]
[Black "Dzurenda, Stefan"]
[Result "0-1"]
[WhiteElo "2034"]
[BlackElo "2110"]
[PlyCount "55"]
[EventDate "2013.10.19"]
[EventType "team-tourn"]
[EventRounds "11"]
[EventCountry "SVK"]
[SourceTitle "EXT 2015"]
[Source "ChessBase"]
[SourceDate "2014.11.20"]
[SourceVersion "1"]
[SourceVersionDate "2014.11.20"]
[SourceQuality "1"]
[WhiteTeam "Kosice Tahanovce"]
[BlackTeam "Spisska Nova Ves"]
[WhiteTeamCountry "SVK"]
[BlackTeamCountry "SVK"]

1. d4 d5 2. c4 e6 3. Nc3 Nf6 4. Bg5 Be7 5. e3 0-0 6. Nf3 Ne4 7. Bxe7 Qxe7 8. Qc2 Nxc3 9. Qxc3 c6 10. Bd3 dxc4 11. Bxc4 Nd7 12. 0-0 b6 13. b4 Bb7 14. Bd3 Rac8 15. e4 Rfe8 16. Rfe1 e5 17. dxe5 c5 18. bxc5 Nxc5 19. Bb5 Nxe4 20. Qd4 Red8 21. Qa4 Qc5 22. e6 fxe6 23. Rxe4 Bxe4 24. Qxe4 Qxb5 25. Qxe6+ Kf8 26. Ne5 Qd5 27. Qf5+ Kg8 28. h3 0-1

[Event "SVK-chT2D 1314"]
[Site "Slovakia"]
[Date "2014.01.12"]
[Round "6.3"]
[White "Garancovsky, Pavol"]
[Black "Cenker, Milan"]
[Result "1-0"]
[WhiteElo "2062"]
[BlackElo "2034"]
[PlyCount "47"]
[EventDate "2013.10.19"]
[EventType "team-tourn"]
[EventRounds "11"]
[EventCountry "SVK"]
[SourceTitle "EXT 2015"]
[Source "ChessBase"]
[SourceDate "2014.11.20"]
[SourceVersion "1"]
[SourceVersionDate "2014.11.20"]
[SourceQuality "1"]
[WhiteTeam "Presov Tatran Dason"]
[BlackTeam "Kosice Tahanovce"]
[WhiteTeamCountry "SVK"]
[BlackTeamCountry "SVK"]

1. d4 Nf6 2. Nf3 d5 3. c4 e6 4. g3 b6 5. cxd5 exd5 6. Bg2 Bd6 7. 0-0 0-0 8. Nc3 a6 9. Bg5 Bb7 10. Ne5 Be7 11. Qb3 c6 12. Rfd1 h6 13. Bxf6 Bxf6 14. e4 dxe4 15. Bxe4 Bxe5 16. dxe5 Qc7 17. e6 fxe6 18. Qxe6+ Qf7 19. Qxf7+ Kxf7 20. Rd6 Rc8 21. Na4 Rc7 22. Nxb6 Ra7 23. Rd8 Nd7 24. Rxd7+ 1-0

[Event "SVK-chT2D 1314"]
[Site "Slovakia"]
[Date "2014.01.11"]
[Round "5.2"]
[White "Cenker, Milan"]
[Black "Mrva, Vladimir"]
[Result "1/2-1/2"]
[WhiteElo "2034"]
[BlackElo "2177"]
[PlyCount "34"]
[EventDate "2013.10.19"]
[EventType "team-tourn"]
[EventRounds "11"]
[EventCountry "SVK"]
[SourceTitle "EXT 2015"]
[Source "ChessBase"]
[SourceDate "2014.11.20"]
[SourceVersion "1"]
[SourceVersionDate "2014.11.20"]
[SourceQuality "1"]
[WhiteTeam "Kosice Tahanovce"]
[BlackTeam "Sabinov II"]
[WhiteTeamCountry "SVK"]
[BlackTeamCountry "SVK"]

1. d4 Nf6 2. c4 e6 3. Nc3 Bb4 4. Qc2 c5 5. dxc5 0-0 6. a3 Bxc5 7. Nf3 a6 8. Bg5 Be7 9. e3 d6 10. Bd3 Nbd7 11. 0-0 h6 12. Bh4 b6 13. Rfd1 Bb7 14. Ne4 Nxe4 15. Bxe7 Qxe7 16. Bxe4 Nc5 17. Bxb7 Nxb7 1/2-1/2

[Event "SVK-chT2D 1314"]
[Site "Slovakia"]
[Date "2013.11.23"]
[Round "3.2"]
[White "Cenker, Milan"]
[Black "Juranko, Jan"]
[Result "0-1"]
[WhiteElo "2034"]
[BlackElo "1929"]
[PlyCount "75"]
[EventDate "2013.10.19"]
[EventType "team-tourn"]
[EventRounds "11"]
[EventCountry "SVK"]
[SourceTitle "EXT 2015"]
[Source "ChessBase"]
[SourceDate "2014.11.20"]
[SourceVersion "1"]
[SourceVersionDate "2014.11.20"]
[SourceQuality "1"]
[WhiteTeam "Kosice Tahanovce"]
[BlackTeam "Humenne II"]
[WhiteTeamCountry "SVK"]
[BlackTeamCountry "SVK"]

1. d4 d5 2. c4 e6 3. Nc3 Nf6 4. Nf3 c6 5. Bg5 Be7 6. e3 Nbd7 7. Rc1 0-0 8. Bd3 a6 9. a3 dxc4 10. Bxc4 b5 11. Be2 Bb7 12. 0-0 c5 13. dxc5 Nxc5 14. Nd4 Rc8 15. Bf3 Qb6 16. b4 Ncd7 17. Bxb7 Qxb7 18. Qf3 Qxf3 19. Nxf3 h6 20. Bh4 Nb6 21. Nd4 Rc4 22. Nce2 Rfc8 23. Rxc4 Rxc4 24. Rc1 Kf8 25. Kf1 Rxc1+ 26. Nxc1 Nc4 27. Nc2 g5 28. Bg3 Ne4 29. Nd3 Ned2+ 30. Ke2 Nb1 31. f4 Nbxa3 32. Nd4 a5 33. Nc6 a4 34. Be1 Nc2 35. fxg5 Bxg5 36. Bc3 N2xe3 37. Nd4 Nd6 38. h4 0-1

[Event "SVK-chT2D 1213"]
[Site "Slovakia"]
[Date "2012.12.16"]
[Round "6.4"]
[White "Cenker, Milan"]
[Black "Dvorsky, Stefan"]
[Result "1-0"]
[WhiteElo "2050"]
[BlackElo "2060"]
[PlyCount "67"]
[EventDate "2012.10.13"]
[EventType "team-tourn"]
[EventRounds "11"]
[EventCountry "SVK"]
[SourceTitle "EXT 2015"]
[Source "ChessBase"]
[SourceDate "2014.11.20"]
[SourceVersion "1"]
[SourceVersionDate "2014.11.20"]
[SourceQuality "1"]
[WhiteTeam "Kosice SK"]
[BlackTeam "Kosice Slavia TU IV"]
[WhiteTeamCountry "SVK"]
[BlackTeamCountry "SVK"]

1. d4 Nf6 2. c4 e6 3. Nc3 d5 4. Bg5 Be7 5. Nf3 0-0 6. e3 b6 7. cxd5 Nxd5 8. Bxe7 Qxe7 9. Nxd5 exd5 10. Be2 Qb4+ 11. Qd2 Qxd2+ 12. Kxd2 Ba6 13. b4 Bxe2 14. Kxe2 c6 15. Ne5 f6 16. Nd3 Nd7 17. Rhc1 Rfc8 18. Rc2 Rc7 19. Rac1 Rac8 20. Nf4 Nb8 21. Nxd5 Rd7 22. Nf4 Re8 23. Kf3 g5 24. Nh5 Kf7 25. g4 Kg6 26. Ng3 Rd5 27. Nf5 Re6 28. a3 a5 29. e4 Rd7 30. bxa5 bxa5 31. Rb1 Re8 32. Rcb2 Rdd8 33. Rb7 Nd7 34. Rc7 1-0